000 00533nam a2200193Ia 4500
005 20250326123441.0
008 250326s9999 xx 000 0 und d
037 _aTextbook
040 _aFMSL
_beng
_cFMSL
041 _aeng
_2eng
084 _aX3:74 P0
_qFMSL
100 _aGuffey M E
_9735179
245 0 _aBusiness communication : process and product
_cGuffey M E
250 _a3
260 _aLondon
_bLondon, South-Western College
_c2000
300 _av
942 _cTB
_hX3:74 P0
999 _c1269419
_d1269419